Central Library OPAC University of Rajshahi

Vital statistics on American politics / (Record no. 36372)

MARC details
000 -LEADER
fixed length control field 01283cam a2200373 a 4500
001 - CONTROL NUMBER
control field 36372
003 - CONTROL NUMBER IDENTIFIER
rucl marc code BD-RjUL
005 - DATE AND TIME OF LATEST TRANSACTION
control field 20211209052457.0
008 - FIXED-LENGTH DATA ELEMENTS--GENERAL INFORMATION
fixed length control field 140622s1988 dcugr s 0 1 a0eng c
020 ## - INTERNATIONAL STANDARD BOOK NUMBER
International Standard Book Number 0871874725
International Standard Book Number 0871874717
035 ## - SYSTEM CONTROL NUMBER
System control number (OCoLC)ocm24728358
040 ## - CATALOGING SOURCE
Original cataloging agency ViAsR
Language of cataloging eng
Transcribing agency ViAsR
Modifying agency BD-RjUL
041 ## - LANGUAGE CODE
Language code of text/sound track or separate title eng
082 10 - DEWEY DECIMAL CLASSIFICATION NUMBER
Classification number 320.973021
Author mark and year STV 1988
100 1# - MAIN ENTRY--PERSONAL NAME
Personal name Stanley, Harold W.
9 (RLIN) 110684
245 10 - TITLE STATEMENT
Title Vital statistics on American politics /
Statement of responsibility, etc. Harold W. Stanley.
260 ## - PUBLICATION, DISTRIBUTION, ETC. (IMPRINT)
Place of publication, distribution, etc. Washington, D.C. :
Name of publisher, distributor, etc. CQ Press,
Date of publication, distribution, etc. 1988.
300 ## - PHYSICAL DESCRIPTION
Pagination xx, 403 p. :
Illustrations ill. ;
Size 24 cm.
504 ## - BIBLIOGRAPHY, ETC. NOTE
Bibliography, etc Includes index.
651 #0 - SUBJECT ADDED ENTRY--GEOGRAPHIC NAME
Geographic name United States
General subdivision Politics and government
Form subdivision Statistics.
9 (RLIN) 110685
700 1# - ADDED ENTRY--PERSONAL NAME
Personal name Niemi, Richard G.
776 1# - ADDITIONAL PHYSICAL FORM ENTRY
Title Vital statistics on American politics (CD-ROM)
Record control number (DLC) 00242036
-- (OCoLC)43556337
Title Vital statistics on American politics (Online)
Record control number (OCoLC)71230049
Relationship information Online version:
Title Vital statistics on American politics
Record control number (OCoLC)597996215
Relationship information Online version:
Title Vital statistics on American politics
Record control number (OCoLC)607749111
942 ## - ADDED ENTRY ELEMENTS (KOHA)
Source of classification or shelving scheme Dewey Decimal Classification
Koha item type Books
Holdings
Lost status Source of classification or shelving scheme Damaged status Not for loan Collection code Permanent Location Current Location Shelving location Date acquired Source of acquisition Total Checkouts Full call number Date last seen Copy number Koha item type
  Dewey Decimal Classification   Not For Loan Non-fiction Central Library, University of Rajshahi Central Library, University of Rajshahi Reading Room 05/10/1991 Asia Foundation   320.973021 STV 1988 22/06/2014 C-1 Books